000 004420000a22001810004500
003 MACL
005 20151011151821.0
008 151011b xxu||||| |||| 00| 0 eng d
040 _aMACL
_cMACL
041 _aEnglish
082 _a920/GUJ
100 _aGujral, I K
_914372
245 _aScrap Book of a Prime Minister
260 _bRajpal and Sons
_c2008
_aDelhi
350 _a300
650 _aBiography
_914373
942 _cBK
_k920/GUJ
_2ddc
999 _c42599
_d42599